El Consultor de la maquinaria : tratado completo de mecánica / compuesto por Lorenzo Facerías tratado completo de mecánica / compuesto por Lorenzo Facerías
Descripción Física:
[4] p. ; 26 cm
MARC
| LEADER | 00000nam a2200000Ia 4500 | ||
|---|---|---|---|
| 001 | 20538 | ||
| 008 | 160829s1871 xx 000 0 cat d | ||
| 080 | |a 1579, exp. 4 | ||
| 100 | |a Facerías, Lorenzo |9 47566 | ||
| 245 | |a El Consultor de la maquinaria : |b tratado completo de mecánica / compuesto por Lorenzo Facerías | ||
| 260 | |a Barcelona : |b Imp. de Luis Tasso, |c 1871 | ||
| 300 | |a [4] p. ; |c 26 cm | ||
| 650 | |a Mecànica |9 30507 | ||
| 650 | |a Maquinària de construcció |9 47567 | ||
| 901 | |a Arxiu | ||
| 942 | |n 1 | ||
| 952 | |0 0 |1 0 |4 0 |6 1579_EXP_4 |7 1 |9 53971 |a Arxiu |b Arxiu |d 2016-12-01 |l 0 |o 1579, exp. 4 |p 20538 |r 2016-12-01 00:00:00 |w 2016-12-01 |y ARXIU | ||
| 999 | |c 57838 |d 57838 | ||